000 00589nam a2200229Ia 4500
003 OSt
005 20220918211941.0
006 a|||||r|||| 00| 0
007 ta
008 220917b |||||||| |||| 00| 0 eng d
024 _a126,377
037 _cTextual
040 _aARTS
_cARTS
_beng
041 _2eng
_aeng
082 _aW46.22.J, M2
100 _aGopal B R
_982837
245 0 _aMinor dynasties of South India
260 _aMadras
_bN Era Pub
_c1982
650 _aPOLITICAL SCIENCE
942 _hW46.22.J, M2
_cTEXL
_2CC
999 _c249522
_d249522